[Event "Bad Woerishofen sen"]
[Site "?"]
[Date "2006.03.23"]
[Round "7"]
[White "Packroff, Hermann"]
[Black "Igney, Volkhard"]
[Result "1/2-1/2"]
[WhiteElo "2157"]
[BlackElo "2250"]
[PlyCount "44"]
[EventDate "2006.??.??"]

1. d4 d5 2. Bg5 h6 3. Bh4 c6 4. e3 Qb6 5. b3 e5 6. Nf3 e4 7. Ne5 Nd7 8. Qh5
Nxe5 9. Qxe5+ Be6 10. Be2 Qb4+ 11. c3 Qd6 12. Bg3 Qxe5 13. Bxe5 Ne7 14. O-O f6
15. Bg3 Nf5 16. Bh5+ Kd7 17. Nd2 Nxg3 18. hxg3 g5 19. Be2 Bd6 20. b4 a5 21. a3
a4 22. c4 b6 1/2-1/2

[Event "Bad Woerishofen sen"]
[Site "?"]
[Date "2006.03.23"]
[Round "7"]
[White "Neese, Hans-Joachim"]
[Black "Villing, Dieter"]
[Result "0-1"]
[WhiteElo "2244"]
[BlackElo "2261"]
[PlyCount "70"]
[EventDate "2006.??.??"]

1. d4 d6 2. Nf3 Bg4 3. e4 Nf6 4. Bd3 Nc6 5. c3 e5 6. d5 Nb8 7. Be3 Be7 8. Nbd2
O-O 9. h3 Bc8 10. b4 Nbd7 11. O-O Nh5 12. g3 g6 13. Bh6 Re8 14. Qe2 Nb6 15. Kg2
Bf8 16. Qe3 Bg7 17. Bxg7 Kxg7 18. Be2 f5 19. c4 f4 20. Qc3 fxg3 21. fxg3 a5 22.
a3 Qe7 23. Qe3 axb4 24. axb4 Rxa1 25. Rxa1 h6 26. c5 Nd7 27. Rc1 Ndf6 28. cxd6
cxd6 29. Qb6 Bd7 30. Rc7 Rc8 31. Kh2 Rxc7 32. Qxc7 g5 33. Ng1 Qf7 34. Qxd6 Ng4+
35. hxg4 Qf2+ 0-1

[Event "Bad Woerishofen op"]
[Site "?"]
[Date "2006.03.23"]
[Round "7"]
[White "Siebrecht, Sebastian"]
[Black "Stabolewski, Andreas"]
[Result "1-0"]
[WhiteElo "2429"]
[BlackElo "2228"]
[PlyCount "81"]
[EventDate "2006.??.??"]

1. d4 d5 2. Nf3 c5 3. dxc5 e6 4. Be3 Ne7 5. b4 a5 6. c3 Nf5 7. Bg5 f6 8. Bd2
Nc6 9. e3 Be7 10. Bd3 Nh6 11. e4 Nf7 12. O-O O-O 13. exd5 exd5 14. Nd4 Nfe5 15.
Nxc6 bxc6 16. Be2 f5 17. Be3 f4 18. Bd4 Bf6 19. Nd2 axb4 20. cxb4 Ra3 21. Kh1
Bf5 22. Bb2 Ra7 23. a4 Nd3 24. Bxf6 Qxf6 25. Bxd3 Bxd3 26. Re1 Qc3 27. Nf3 Be4
28. Qd4 Qb3 29. Nd2 Qd3 30. Qxd3 Bxd3 31. Nf3 Rfa8 32. a5 Rb7 33. Nd4 Rxb4 34.
Nxc6 Rb5 35. Rac1 Bc4 36. Ne7+ Kf8 37. c6 Rc5 38. c7 Rxc7 39. Nxd5 Rc5 40. Nb6
Rac8 41. Nd7+ 1-0

[Event "Bad Woerishofen op"]
[Site "?"]
[Date "2006.03.23"]
[Round "7"]
[White "Saravanan, Venkatach"]
[Black "Halkias, Stelios"]
[Result "1/2-1/2"]
[WhiteElo "2329"]
[BlackElo "2528"]
[PlyCount "79"]
[EventDate "2006.??.??"]

1. e4 c5 2. Nf3 Nc6 3. d4 cxd4 4. Nxd4 Nf6 5. Nc3 e5 6. Ndb5 d6 7. Bg5 a6 8.
Na3 b5 9. Bxf6 gxf6 10. Nd5 Bg7 11. c3 f5 12. Bd3 Ne7 13. Nxe7 Qxe7 14. Nc2 Qg5
15. Qe2 Bb7 16. Ne3 fxe4 17. Bxb5+ Kf8 18. Bc4 Rd8 19. h4 Qg6 20. O-O-O Bh6 21.
Kb1 Rg8 22. Bd5 Bxd5 23. Nxd5 e3+ 24. Ka1 Qxg2 25. Nxe3 Bxe3 26. Qxe3 Ke7 27.
Rhe1 Rd7 28. f4 Qg3 29. Qd4 f6 30. fxe5 fxe5 31. Qd5 Qg4 32. c4 Qe6 33. Qe4 Rg4
34. Qxh7+ Kd8 35. Qh8+ Rg8 36. Qh5 Qe7 37. Qf3 Qe6 38. Qc6 Ke7 39. Qxa6 Rg2 40.
Qa8 1/2-1/2

[Event "Bad Woerishofen sen"]
[Site "?"]
[Date "2006.03.23"]
[Round "7"]
[White "Teichmeister, Sven"]
[Black "Bierwisch, Bernhard"]
[Result "1/2-1/2"]
[WhiteElo "2140"]
[BlackElo "2237"]
[PlyCount "92"]
[EventDate "2006.??.??"]

1. d4 Nf6 2. Nf3 g6 3. c4 Bg7 4. Nc3 d6 5. e3 Na6 6. Be2 c5 7. O-O O-O 8. b3
Bd7 9. Bb2 b6 10. a3 Nc7 11. Qd2 Bf5 12. Rfd1 Ne4 13. Nxe4 Bxe4 14. Ng5 Bb7 15.
Bf3 Rb8 16. Bxb7 Rxb7 17. Nf3 Ne8 18. d5 b5 19. Bxg7 Kxg7 20. Rdb1 Qb8 21. Qc2
Nf6 22. a4 a6 23. axb5 axb5 24. Nd2 Qc7 25. e4 Rfb8 26. f3 Nd7 27. Ra2 bxc4 28.
bxc4 Rxb1+ 29. Nxb1 Qb6 30. Nd2 Qb4 31. Kf2 e6 32. dxe6 fxe6 33. Ra7 Rb7 34.
Rxb7 Qxb7 35. Qd3 Qa6 36. f4 Nf6 37. Qc3 Kf7 38. e5 dxe5 39. fxe5 Nd7 40. Ne4
Qa2+ 41. Kg3 Qe2 42. Ng5+ Ke7 43. Nf3 h6 44. h4 g5 45. hxg5 hxg5 46. Qc1 Ke8
1/2-1/2

[Event "Bad Woerishofen op"]
[Site "?"]
[Date "2006.03.23"]
[Round "7"]
[White "Lieb, Harald"]
[Black "Heika, Martin"]
[Result "0-1"]
[WhiteElo "2242"]
[BlackElo "2357"]
[PlyCount "128"]
[EventDate "2006.??.??"]

1. d4 Nf6 2. c4 e6 3. Nf3 b6 4. g3 Ba6 5. Qa4 Bb7 6. Bg2 c5 7. dxc5 Bxc5 8. O-O
O-O 9. Nc3 Be7 10. Bf4 d6 11. Rfd1 a6 12. Rac1 Qc7 13. Rd2 Nbd7 14. Qd1 e5 15.
Nd5 Nxd5 16. cxd5 Qd8 17. Be3 Nf6 18. Bh3 b5 19. Ne1 Bc8 20. Bxc8 Rxc8 21. Rxc8
Qxc8 22. Nc2 Ng4 23. Rd3 e4 24. Rc3 Qf5 25. Kg2 Bg5 26. f3 exf3+ 27. exf3 Nxe3+
28. Nxe3 Bxe3 29. Rxe3 Rc8 30. Re2 h5 31. Qd4 Rc5 32. Rd2 a5 33. a3 a4 34. Qe4
Qxe4 35. fxe4 Kf8 36. Kf3 b4 37. axb4 Rc4 38. b5 Rb4 39. Kf4 Ke7 40. Ke3 Rxb5
41. Rc2 g6 42. Kd4 Rb4+ 43. Kd3 Kf6 44. Rf2+ Ke5 45. Rxf7 Rd4+ 46. Kc3 Rxe4 47.
Rf3 Kxd5 48. Rf6 Rg4 49. Rf2 Ke4 50. Re2+ Kf5 51. b4 axb3 52. Kxb3 Re4 53. Rd2
Ke5 54. Kc3 d5 55. Rf2 Re3+ 56. Kd2 Ra3 57. Kc1 d4 58. Kb2 Rc3 59. Rf8 Rc6 60.
Re8+ Kd5 61. Rd8+ Ke4 62. Re8+ Kf3 63. Rd8 Ke3 64. Re8+ Kd2 0-1

[Event "Bad Woerishofen op"]
[Site "?"]
[Date "2006.03.23"]
[Round "7"]
[White "Loew, Gerald"]
[Black "Daeubler, Heinrich"]
[Result "1-0"]
[WhiteElo "2267"]
[BlackElo "2177"]
[PlyCount "69"]
[EventDate "2006.??.??"]

1. c4 Nf6 2. g3 c5 3. Bg2 Nc6 4. Nc3 g6 5. a3 Bg7 6. Rb1 a5 7. Nh3 d5 8. cxd5
Nxd5 9. Nxd5 Bxh3 10. Nc7+ Qxc7 11. Bxh3 O-O 12. O-O Rfd8 13. b3 a4 14. Re1
axb3 15. Qxb3 Na5 16. Qc2 c4 17. d3 Rd6 18. Bg2 Rc8 19. dxc4 b6 20. Bf4 e5 21.
Bd2 Qxc4 22. Qxc4 Rxc4 23. Bb4 Rd7 24. Red1 Rxd1+ 25. Rxd1 Rd4 26. Rxd4 exd4
27. Bd5 Be5 28. Kf1 Kg7 29. Ke1 f5 30. f4 Bc7 31. Kd2 g5 32. fxg5 f4 33. gxf4
Bxf4+ 34. Kd3 Be3 35. Be7 1-0

[Event "Bad Woerishofen op"]
[Site "?"]
[Date "2006.03.23"]
[Round "7"]
[White "Kargoll, Peter"]
[Black "De Andres, Gonalons"]
[Result "1-0"]
[WhiteElo "2227"]
[BlackElo "2088"]
[PlyCount "83"]
[EventDate "2006.??.??"]

1. d4 d5 2. Nf3 c5 3. c3 e6 4. Bf4 Nf6 5. e3 Nc6 6. Nbd2 Bd6 7. Bg3 Nh5 8. Bxd6
Qxd6 9. Ne5 Nxe5 10. Qxh5 cxd4 11. exd4 Ng6 12. Bb5+ Bd7 13. Bxd7+ Qxd7 14. O-O
O-O 15. Qe2 Rac8 16. g3 Rc6 17. h4 Ne7 18. Nf3 Qd6 19. Rfe1 Rb6 20. Ne5 Nf5 21.
Rad1 f6 22. Nf3 Re8 23. Kg2 Qc6 24. Rd3 a5 25. g4 Nd6 26. b3 a4 27. Qc2 axb3
28. axb3 Ra6 29. Rde3 Nf7 30. g5 Qd6 31. g6 hxg6 32. Qxg6 Re7 33. c4 Nh6 34.
cxd5 Nf5 35. Rc3 Ra8 36. Rec1 Ree8 37. dxe6 Qd5 38. Qf7+ Kh7 39. Qh5+ Kg8 40.
Rc5 Ne3+ 41. fxe3 Ra2+ 42. Kg3 1-0

[Event "Bad Woerishofen sen"]
[Site "?"]
[Date "2006.03.23"]
[Round "7"]
[White "Siegmund, Rainer"]
[Black "Hoeschele, Hans-U"]
[Result "1/2-1/2"]
[WhiteElo "2177"]
[BlackElo "2180"]
[PlyCount "114"]
[EventDate "2006.??.??"]

1. d4 Nf6 2. c4 c6 3. Nc3 d5 4. Nf3 e6 5. e3 Nbd7 6. Qc2 Bd6 7. Be2 dxc4 8.
Bxc4 b5 9. Be2 Bb7 10. O-O a6 11. Rd1 Qe7 12. e4 e5 13. dxe5 Nxe5 14. Nd4 g6
15. f4 Bc5 16. fxe5 Qxe5 17. Be3 Rd8 18. Qd3 O-O 19. Bf3 Bb6 20. b4 c5 21. bxc5
Bxc5 22. Bf2 Rd7 23. Rac1 Ba7 24. Rd2 Re8 25. Rcd1 Rc8 26. Nd5 Nxd5 27. exd5
Bxd5 28. Bxd5 Rxd5 29. Qf1 Qf6 30. Nf3 Rxd2 31. Rxd2 Bb8 32. Bd4 Qf4 33. Qd3
Bd6 34. Qe3 Qxe3+ 35. Bxe3 Bc5 36. Bxc5 Rxc5 37. Kf2 Kg7 38. Ke2 Rc3 39. Ne1 b4
40. Rc2 Ra3 41. Nd3 b3 42. axb3 Rxb3 43. Ra2 Rb6 44. Nc5 a5 45. Rxa5 Rb2+ 46.
Kf3 h5 47. h4 Rb4 48. g3 Rb1 49. Ne4 Rb3+ 50. Kf4 Rb1 51. Ra7 Rf1+ 52. Ke5 Kf8
53. Ra2 Ke7 54. Ra7+ Kf8 55. Ra2 Ke7 56. Ra7+ Kf8 57. Ra2 Ke7 1/2-1/2

[Event "Bad Woerishofen op"]
[Site "?"]
[Date "2006.03.23"]
[Round "7"]
[White "Rau, Hannes"]
[Black "Schlawin, Marlon"]
[Result "1/2-1/2"]
[WhiteElo "2425"]
[BlackElo "2301"]
[PlyCount "120"]
[EventDate "2006.??.??"]

1. d4 e6 2. c4 Bb4+ 3. Nc3 c5 4. d5 Bxc3+ 5. bxc3 Qa5 6. Qd3 Nf6 7. Bd2 d6 8.
e4 O-O 9. f3 Re8 10. Ne2 Qa4 11. Bf4 b5 12. Bxd6 bxc4 13. Qd1 Qa5 14. Kf2 Nbd7
15. dxe6 fxe6 16. g4 Rd8 17. Qc1 Qa6 18. e5 Ne8 19. Qg5 Bb7 20. Be7 Rdc8 21.
Rd1 Qc6 22. Bg2 h6 23. Qf4 Qc7 24. Qxc4 Bd5 25. Rxd5 Nb6 26. Rxc5 Nxc4 27. Rxc7
Nxc7 28. f4 Nd5 29. Bxd5 exd5 30. Rd1 Rc7 31. Bh4 Rc5 32. e6 Rb8 33. f5 Nd6 34.
Be7 Ne4+ 35. Ke3 Rc7 36. Rxd5 Nxc3 37. Nxc3 Rxc3+ 38. Kd4 Rc2 39. a3 Rxh2 40.
Rd7 Rg2 41. g5 hxg5 42. f6 gxf6 43. Bxf6 Rd2+ 44. Kc5 Rc2+ 45. Kd5 Rd2+ 46. Ke4
Rxd7 47. exd7 Kf7 48. Ke5 g4 49. Bh4 g3 50. Kd6 g2 51. Bf2 a5 52. a4 Ra8 53.
Bg1 Rg8 54. Kc7 Ke6 55. d8=Q Rxd8 56. Kxd8 Kd5 57. Kc7 Kc4 58. Kb6 Kb4 59. Ka6
Kxa4 60. Bc5 Kb3 1/2-1/2

[Event "Bad Woerishofen op"]
[Site "?"]
[Date "2006.03.23"]
[Round "7"]
[White "Wohl, Alexandar"]
[Black "Eingorn, Viacheslav"]
[Result "1/2-1/2"]
[WhiteElo "2452"]
[BlackElo "2595"]
[PlyCount "125"]
[EventDate "2006.??.??"]

1. e4 e6 2. d4 d5 3. e5 c5 4. c3 Qb6 5. Nf3 Nc6 6. a3 c4 7. Nbd2 Na5 8. g3 Bd7
9. h4 h6 10. Bh3 Ne7 11. O-O Nec6 12. Re1 Be7 13. Nf1 Nb3 14. Rb1 Nxc1 15. Qxc1
O-O-O 16. Ne3 Na5 17. Qd1 Bc6 18. h5 Kb8 19. Nh2 Bd7 20. Kh1 Bc8 21. Rg1 Nc6
22. f4 f6 23. Nf3 fxe5 24. fxe5 Rdf8 25. Qe2 Qd8 26. Ng2 Bg5 27. Nfh4 Ne7 28.
Rbf1 Rxf1 29. Rxf1 Rf8 30. Rf3 Qe8 31. Bg4 Nc6 32. Rxf8 Qxf8 33. Ng6 Qf7 34.
N2f4 Ne7 35. Nxe7 Bxe7 36. Kg2 Bg5 37. Qf3 Bxf4 38. gxf4 g6 39. Kg3 gxh5 40.
Bxh5 Qf5 41. Bg4 Qb1 42. Qf2 a5 43. Kh4 Bd7 44. Bh3 Qh7 45. Bg2 Qf5 46. Bh3 Qf7
47. Qf3 Kc7 48. Bg4 Qg6 49. Qg3 Kc6 50. Bh3 Qf7 51. Qg4 a4 52. Bg2 Kc7 53. Bf3
b5 54. Qg3 Be8 55. Qg4 Bd7 56. Kg3 Qh7 57. Qh4 Qg6+ 58. Kh2 b4 59. axb4 Qc2+
60. Bg2 Qxb2 61. f5 exf5 62. Qe7 Qe2 63. Qd6+ 1/2-1/2

[Event "Bad Woerishofen op"]
[Site "Bad Woerishofen"]
[Date "2006.03.23"]
[Round "7"]
[White "Michalczak, Thomas"]
[Black "Sailer, Wolfgang"]
[Result "1-0"]
[WhiteElo "2361"]
[BlackElo "2220"]
[PlyCount "79"]
[EventDate "2006.03.20"]
[EventType "swiss"]
[EventRounds "9"]
[EventCountry "GER"]

1. e4 d6 2. d4 Nf6 3. Nc3 g6 4. f4 Bg7 5. Nf3 O-O 6. Bd3 Na6 7. O-O c5 8. d5
Bg4 9. Bc4 Nd7 10. h3 Bxf3 11. Qxf3 Nb4 12. Qd1 Nb6 13. Be2 c4 14. Be3 Rc8 15.
a3 Na6 16. Rb1 Nc5 17. Bd4 e5 18. dxe6 Bxd4+ 19. Qxd4 Nxe6 20. Qd2 Rc5 21. Rbd1
Qf6 22. e5 dxe5 23. Ne4 Qe7 24. fxe5 Rxe5 25. Nf6+ Kg7 26. Kh1 Rf5 27. Rxf5
gxf5 28. Nh5+ Kh8 29. Bf3 Ng5 30. Re1 Ne4 31. Qh6 Rg8 32. Bxe4 Rg6 33. Qf4 fxe4
34. Rxe4 Qd8 35. Qxf7 Qd1+ 36. Kh2 Qd6+ 37. Nf4 Rg8 38. Re7 Qh6 39. Qf5 Qg6 40.
Nxg6+ 1-0

[Event "Bad Woerishofen op"]
[Site "Bad Woerishofen"]
[Date "2006.03.23"]
[Round "7"]
[White "Lipok, Christoph"]
[Black "Bogner, Sebastian"]
[Result "0-1"]
[WhiteElo "2186"]
[BlackElo "2299"]
[PlyCount "98"]
[EventDate "2006.03.20"]
[EventType "swiss"]
[EventRounds "9"]
[EventCountry "GER"]

1. d4 Nf6 2. c4 g6 3. Nc3 Bg7 4. e4 d6 5. h3 O-O 6. Bg5 Na6 7. Nf3 c6 8. Qd2 e5
9. d5 Nc5 10. Bd3 h6 11. Be3 Nxd3+ 12. Qxd3 Qe7 13. b4 a5 14. b5 cxd5 15. cxd5
Nd7 16. Nd2 f5 17. f3 Nf6 18. Rc1 Nh5 19. Ne2 Qh4+ 20. Bf2 Qg5 21. g4 Nf4 22.
Nxf4 Qxf4 23. Qe3 Bd7 24. Qxf4 exf4 25. a4 Rac8 26. Ke2 Bb2 27. Rc4 fxe4 28.
fxe4 Kf7 29. Kd3 Ke7 30. Rxc8 Rxc8 31. Nc4 Bf6 32. Be1 h5 33. Bd2 g5 34. Nxa5
Rh8 35. gxh5 Rxh5 36. Nxb7 Rxh3+ 37. Rxh3 Bxh3 38. a5 Bf1+ 39. Kc2 Bxb5 40. a6
Bxa6 41. Na5 Kd7 42. Nc6 Bb5 43. Nb4 Bd4 44. Nd3 Bxd3+ 45. Kxd3 Be5 46. Ke2 g4
47. Kf2 Kc7 48. Ba5+ Kb7 49. Bd8 Ka6 0-1

[Event "Bad Woerishofen op"]
[Site "Bad Woerishofen"]
[Date "2006.03.23"]
[Round "7"]
[White "Maeurer, Christoph"]
[Black "Bartels, Holger"]
[Result "1/2-1/2"]
[WhiteElo "2235"]
[BlackElo "2141"]
[PlyCount "67"]
[EventDate "2006.03.20"]
[EventType "swiss"]
[EventRounds "9"]
[EventCountry "GER"]

1. Nf3 Nf6 2. c4 c5 3. Nc3 Nc6 4. g3 g6 5. d4 cxd4 6. Nxd4 Bg7 7. Bg2 O-O 8.
O-O Nxd4 9. Qxd4 d6 10. Qd3 Rb8 11. c5 dxc5 12. Qxd8 Rxd8 13. Bf4 Ra8 14. Rfd1
Rxd1+ 15. Rxd1 Be6 16. Bxb7 Re8 17. Rd2 h6 18. a3 g5 19. Bc7 Nd7 20. Na4 c4 21.
f4 gxf4 22. gxf4 Nb6 23. Nc3 f5 24. Nb5 Na4 25. Nd4 Bxd4+ 26. Rxd4 Nxb2 27. Rd2
c3 28. Rc2 Na4 29. Be5 Bb3 30. Bc6 Bxc2 31. Bxe8 Bb3 32. Bxa4 Bxa4 33. Bxc3 Kf7
34. Kf2 1/2-1/2

[Event "Bad Woerishofen op"]
[Site "Bad Woerishofen"]
[Date "2006.03.23"]
[Round "7"]
[White "Pfuetzner, Julian"]
[Black "Kroencke, Manfred"]
[Result "1-0"]
[WhiteElo "2029"]
[BlackElo "2166"]
[PlyCount "67"]
[EventDate "2006.03.20"]
[EventType "swiss"]
[EventRounds "9"]
[EventCountry "GER"]

1. e4 c5 2. Nf3 e6 3. Nc3 Nc6 4. d4 cxd4 5. Nxd4 Qc7 6. Be3 a6 7. Qd2 Nf6 8.
O-O-O Bb4 9. f3 Ne5 10. Nb3 b5 11. Kb1 Nc4 12. Bxc4 Qxc4 13. Bd4 h6 14. h4 a5
15. Nc1 Be7 16. g4 b4 17. Na4 Qb5 18. Nb6 Rb8 19. Nxc8 Rxc8 20. g5 Nh5 21. gxh6
Rxh6 22. Bxg7 Rg6 23. Bd4 e5 24. Bxe5 Re6 25. Bd4 Ng3 26. Rhg1 Bxh4 27. Qf4 Qh5
28. Rxg3 Bxg3 29. Qxg3 Rg6 30. Qf4 Rgc6 31. Rd2 Rh6 32. Bf6 Qh3 33. Rd5 Rh5 34.
Qd6 1-0

[Event "Bad Woerishofen op"]
[Site "Bad Woerishofen"]
[Date "2006.03.23"]
[Round "7"]
[White "Wissinger, Peter"]
[Black "Klett, Thomas"]
[Result "1-0"]
[WhiteElo "2112"]
[BlackElo "1904"]
[PlyCount "83"]
[EventDate "2006.03.20"]
[EventType "swiss"]
[EventRounds "9"]
[EventCountry "GER"]

1. e4 Nf6 2. e5 Nd5 3. Nc3 Nxc3 4. dxc3 d6 5. Bc4 Nc6 6. f4 Bf5 7. Qe2 d5 8.
Bd3 Qd7 9. Be3 O-O-O 10. O-O-O g5 11. g3 Bg4 12. Nf3 Bg7 13. Qf2 gxf4 14. gxf4
f6 15. Rhg1 Rdg8 16. Rxg4 Qxg4 17. Nh4 Qd7 18. e6 Qe8 19. Bb5 a6 20. Be2 d4 21.
Bxd4 Nxd4 22. Qxd4 Kb8 23. Qb4 Qc6 24. Bf3 Qb6 25. Qxb6 cxb6 26. Nf5 Bf8 27.
Rd7 Rg1+ 28. Kd2 Rhg8 29. Rxb7+ Kc8 30. Ra7 a5 31. c4 Rf1 32. Ke2 Rfg1 33. c5
bxc5 34. Rxa5 Kc7 35. Rxc5+ Kb6 36. Rc8 h5 37. c4 Rb1 38. Kd3 Rf1 39. Ke2 Rb1
40. Ke3 Re1+ 41. Kd4 Rxe6 42. Bd5 1-0

[Event "Bad Woerishofen op"]
[Site "?"]
[Date "2006.03.24"]
[Round "8"]
[White "Ballon, Guenther"]
[Black "Pirrot, Dieter"]
[Result "0-1"]
[WhiteElo "2210"]
[BlackElo "2408"]
[PlyCount "32"]
[EventDate "2006.??.??"]

1. d4 d5 2. c4 Nc6 3. cxd5 Qxd5 4. e3 e5 5. Nc3 Bb4 6. Bd2 Bxc3 7. Bxc3 exd4 8.
Ne2 Nf6 9. Nxd4 O-O 10. Nb5 Qg5 11. Nxc7 Bg4 12. Qa4 Rad8 13. Nb5 Rfe8 14. Nd4
Rxe3+ 15. fxe3 Qxe3+ 16. Ne2 Ne4 0-1

[Event "Bad Woerishofen op"]
[Site "?"]
[Date "2006.03.24"]
[Round "8"]
[White "Waldschmidt, Georg"]
[Black "Wissinger, Peter"]
[Result "1-0"]
[WhiteElo "2185"]
[BlackElo "2112"]
[PlyCount "35"]
[EventDate "2006.??.??"]

1. e4 e5 2. Nc3 Nf6 3. Nf3 Nc6 4. Bb5 Nd4 5. Nxd4 exd4 6. e5 dxc3 7. exf6 Qxf6
8. dxc3 Bc5 9. O-O O-O 10. Qh5 Bb6 11. Bd3 g6 12. Qh6 d5 13. Bg5 Qg7 14. Qh4
Re8 15. Bh6 Qe5 16. Rae1 Qxe1 17. Rxe1 Rxe1+ 18. Bf1 1-0

[Event "Bad Woerishofen op"]
[Site "?"]
[Date "2006.03.24"]
[Round "8"]
[White "Lupor, Andre"]
[Black "Kunz, Konstantin"]
[Result "1-0"]
[WhiteElo "2284"]
[BlackElo "2179"]
[PlyCount "45"]
[EventDate "2006.??.??"]

1. e4 c5 2. Nc3 e6 3. g3 a6 4. Bg2 b5 5. d3 Bb7 6. f4 b4 7. Nce2 d5 8. e5 Ne7
9. Nf3 Nf5 10. g4 Nh4 11. Nxh4 Qxh4+ 12. Ng3 Nd7 13. Qe2 Be7 14. O-O h5 15. g5
Qg4 16. Bf3 Qh3 17. Bd2 h4 18. Nh5 f5 19. exf6 Nxf6 20. Nxf6+ Bxf6 21. Bg4 Bd4+
22. Kh1 Qg3 23. Qxe6+ 1-0

[Event "Bad Woerishofen sen"]
[Site "?"]
[Date "2006.03.24"]
[Round "8"]
[White "Minz, Michail"]
[Black "Mittermaier, Walter"]
[Result "1/2-1/2"]
[WhiteElo "2163"]
[BlackElo "2166"]
[PlyCount "77"]
[EventDate "2006.??.??"]

1. e4 e5 2. Nf3 Nc6 3. Nc3 Nf6 4. Bb5 Bb4 5. Qe2 O-O 6. Bxc6 bxc6 7. d3 d6 8.
Bg5 h6 9. Bh4 Qe7 10. Nd2 Bxc3 11. bxc3 Qe6 12. Bxf6 Qxf6 13. O-O Rb8 14. Rab1
Be6 15. c4 c5 16. Rb3 Rb6 17. Rfb1 Rfb8 18. Nf1 Qd8 19. Qd2 Qc8 20. Qa5 Qb7 21.
Ne3 Qa8 22. Nd1 Bd7 23. Nc3 Bc6 24. Nb5 R8b7 25. Qd2 Qb8 26. f4 Bxb5 27. cxb5
Rxb5 28. fxe5 dxe5 29. Qc3 c6 30. h3 Qd6 31. Kh2 Qd4 32. Qc4 Qxc4 33. dxc4 R5b6
34. Rd1 Kf8 35. Rd8+ Ke7 36. Rc8 Rd7 37. Ra8 Rb4 38. Rxb4 cxb4 39. c5 1/2-1/2

[Event "Bad Woerishofen sen"]
[Site "?"]
[Date "2006.03.24"]
[Round "8"]
[White "Bierwisch, Bernhard"]
[Black "Packroff, Hermann"]
[Result "1/2-1/2"]
[WhiteElo "2237"]
[BlackElo "2157"]
[PlyCount "37"]
[EventDate "2006.??.??"]

1. e4 c5 2. Nc3 Nc6 3. g3 g6 4. Bg2 Bg7 5. d3 d6 6. Be3 e6 7. Qd2 Nge7 8. f4
O-O 9. Nf3 b6 10. d4 d5 11. Rd1 dxe4 12. Nxe4 cxd4 13. Nxd4 Bb7 14. O-O Na5 15.
Qe2 Nd5 16. Nb3 Nxb3 17. axb3 Qe7 18. Bd4 Rfd8 19. c3 1/2-1/2

[Event "Bad Woerishofen sen"]
[Site "?"]
[Date "2006.03.24"]
[Round "8"]
[White "Scheidt, Eugen"]
[Black "Fahnenschmidt, Gerhard"]
[Result "1/2-1/2"]
[WhiteElo "1985"]
[BlackElo "2182"]
[PlyCount "94"]
[EventDate "2006.??.??"]

1. e4 c5 2. Nf3 d6 3. d4 cxd4 4. Nxd4 Nf6 5. Nc3 g6 6. Be2 Bg7 7. Be3 Nc6 8.
O-O O-O 9. Qd2 Ng4 10. Bxg4 Bxg4 11. f3 Bd7 12. Nxc6 bxc6 13. Kh1 Rb8 14. Rab1
Qa5 15. Bd4 Bxd4 16. Qxd4 Rb4 17. Qe3 Rfb8 18. b3 e6 19. a3 R4b7 20. Ra1 d5 21.
Na4 Be8 22. Rfd1 Re7 23. Qc5 Qc7 24. b4 Rb5 25. Qf2 dxe4 26. fxe4 a5 27. c3 Rh5
28. h3 f5 29. Nc5 Bf7 30. Rd2 Qe5 31. Qd4 Qg3 32. Rd3 Qf4 33. Qd6 Qxd6 34. Rxd6
axb4 35. cxb4 fxe4 36. Nxe4 Re5 37. Nc5 Re2 38. Rxc6 e5 39. Rd6 e4 40. Rc1 e3
41. b5 Rd2 42. Rd3 Rxd3 43. Nxd3 e2 44. Kg1 Be8 45. a4 Re3 46. Ne1 Rb3 47. Kf2
Rb4 1/2-1/2

[Event "Bad Woerishofen op"]
[Site "?"]
[Date "2006.03.24"]
[Round "8"]
[White "Graf, Felix"]
[Black "Anistratov, Dmitrij"]
[Result "1/2-1/2"]
[WhiteElo "2209"]
[BlackElo "2323"]
[PlyCount "45"]
[EventDate "2006.??.??"]

1. d4 d6 2. c4 Nf6 3. Nc3 g6 4. e4 Bg7 5. f3 O-O 6. Be3 Nc6 7. Nge2 a6 8. Qd2
Rb8 9. Rc1 Bd7 10. Nd1 Re8 11. Nf2 b5 12. c5 b4 13. Nd3 a5 14. d5 Ne5 15. Nd4
Rf8 16. cxd6 Nxd3+ 17. Bxd3 exd6 18. O-O Ne8 19. Nc6 Bxc6 20. Rxc6 Ra8 21. Rc2
Rb8 22. Rc6 Ra8 23. Rc2 1/2-1/2

[Event "Bad Woerishofen sen"]
[Site "?"]
[Date "2006.03.24"]
[Round "8"]
[White "Blosze, Winfried"]
[Black "Siegmund, Rainer"]
[Result "0-1"]
[WhiteElo "1897"]
[BlackElo "2177"]
[PlyCount "56"]
[EventDate "2006.??.??"]

1. e4 c5 2. d4 cxd4 3. c3 dxc3 4. Nxc3 e6 5. Bc4 a6 6. Nf3 b5 7. Bb3 Bb7 8. Qe2
d6 9. O-O Nd7 10. Rd1 Ngf6 11. Bc2 Be7 12. b4 O-O 13. Bb2 Qb6 14. a4 Rac8 15.
axb5 axb5 16. Ra5 Qc7 17. Bb3 Bc6 18. Nd4 Qb7 19. Ndxb5 Ra8 20. Ba3 Nxe4 21.
Nxe4 Bxe4 22. Nxd6 Bxd6 23. Rxd6 Rxa5 24. Rxd7 Rxa3 25. Rxb7 Ra1+ 26. Bd1 Rd8
27. f3 Raxd1+ 28. Kf2 Bxb7 0-1

[Event "Bad Woerishofen op"]
[Site "?"]
[Date "2006.03.24"]
[Round "8"]
[White "Meier, Volker"]
[Black "Michalczak, Thomas"]
[Result "1/2-1/2"]
[WhiteElo "2279"]
[BlackElo "2361"]
[PlyCount "66"]
[EventDate "2006.??.??"]

1. e4 e5 2. Nf3 Nc6 3. Nc3 Nf6 4. Bb5 Bd6 5. O-O O-O 6. d3 h6 7. Ne2 a6 8. Ba4
b5 9. Bb3 Bb7 10. c3 Re8 11. Ng3 Bf8 12. Re1 Na5 13. Bc2 c5 14. d4 d6 15. b3
Nc6 16. a4 cxd4 17. cxd4 exd4 18. Bb2 Nb4 19. Bb1 d3 20. Bxd3 Nxd3 21. Qxd3
bxa4 22. bxa4 d5 23. e5 Ne4 24. Bd4 a5 25. Rec1 Ba6 26. Qe3 Nxg3 27. hxg3 Qd7
28. Bc5 Bc4 29. Nd2 Bxc5 30. Qxc5 Qa7 31. Qxa7 Rxa7 32. Nxc4 dxc4 33. Rxc4 Rxe5
1/2-1/2

[Event "Bad Woerishofen sen"]
[Site "?"]
[Date "2006.03.24"]
[Round "8"]
[White "Diete, Guenther"]
[Black "Reimann, Guenther"]
[Result "0-1"]
[WhiteElo "1964"]
[BlackElo "2044"]
[PlyCount "84"]
[EventDate "2006.??.??"]

1. e4 e6 2. Nf3 d5 3. exd5 exd5 4. h3 Bd6 5. d4 Ne7 6. Bd3 O-O 7. O-O Bf5 8.
Nc3 c6 9. Ne2 Qc7 10. Re1 Bxd3 11. Qxd3 Ng6 12. Bd2 Nd7 13. b3 Nf6 14. c4 Qd7
15. c5 Bc7 16. Nc3 Rae8 17. b4 Nh5 18. a4 Nhf4 19. Bxf4 Nxf4 20. Qf1 Qf5 21. b5
Nxh3+ 22. gxh3 Qxf3 23. Rxe8 Rxe8 24. Re1 Rxe1 25. Qxe1 Kf8 26. Qe3 Qf5 27. a5
Bf4 28. Qe1 Qxh3 29. Ne2 Bh2+ 30. Kh1 cxb5 31. a6 Bc7+ 32. Kg1 bxa6 33. Ng3
Bxg3 34. fxg3 Qe6 35. Qb4 Ke8 36. Kf2 g6 37. Qd2 h5 38. Qh6 Qf6+ 39. Ke3 a5 40.
Kd3 b4 41. Qe3+ Qe6 42. Qh6 Qe4+ 0-1

[Event "Bad Woerishofen sen"]
[Site "?"]
[Date "2006.03.24"]
[Round "8"]
[White "Villing, Dieter"]
[Black "Hoeschele, Hans-U"]
[Result "1-0"]
[WhiteElo "2261"]
[BlackElo "2180"]
[PlyCount "56"]
[EventDate "2006.??.??"]

1. e4 d5 2. Nc3 dxe4 3. Nxe4 Bf5 4. Ng3 Bg6 5. h4 h6 6. Qf3 c6 7. Bc4 Nf6 8.
N1e2 Nbd7 9. d4 Nb6 10. Bb3 Qd7 11. h5 Bh7 12. Bd2 e6 13. a4 Bd6 14. Bxh6 Be4
15. Nxe4 Rxh6 16. Nxd6+ Qxd6 17. O-O-O O-O-O 18. g4 g5 19. c3 Rf8 20. Qe3 Rg8
21. f3 Nfd5 22. Qd2 Nd7 23. c4 Ne7 24. c5 Qc7 25. Nc3 Nf6 26. Ne4 Nxe4 27. fxe4
Rf6 28. e5 Rf4 {und nach einigen weiteren Zügen} 1-0

[Event "Bad Woerishofen op"]
[Site "?"]
[Date "2006.03.24"]
[Round "8"]
[White "Kveinys, Aloyzas"]
[Black "Negi, Parimarjan"]
[Result "1-0"]
[WhiteElo "2517"]
[BlackElo "2396"]
[PlyCount "80"]
[EventDate "2006.??.??"]

1. d4 Nf6 2. Nf3 g6 3. Bg5 Ne4 4. Bh4 Bg7 5. c3 d5 6. Nbd2 Nxd2 7. Qxd2 Bf5 8.
e3 Nd7 9. c4 c6 10. cxd5 cxd5 11. Qb4 Bf6 12. Bb5 Bxh4 13. Nxh4 Be6 14. O-O O-O
15. Bd3 b6 16. Rfc1 Nf6 17. Nf3 Qd6 18. Qxd6 exd6 19. Ne1 Bd7 20. Ba6 Bc8 21.
Bb5 a6 22. Bc6 Rb8 23. Nd3 Be6 24. Nb4 a5 25. Na6 Rbd8 26. f3 Kg7 27. Rc3 Rc8
28. Rac1 Ng8 29. Bb7 Rxc3 30. Rxc3 Ne7 31. Rb3 Nc8 32. Nc7 a4 33. Rb4 Bd7 34.
a3 Ne7 35. Rxb6 Rb8 36. Nxd5 Bb5 37. Nc3 Bc6 38. Rxc6 Nxc6 39. Bxc6 Rxb2 40.
Bxa4 Ra2 1-0